• 首页
  • 本馆介绍
  • 公告通知
  • 最新文献
  • 馆藏检索
  • 电子资源
  • 读者导购
  • 参考咨询
  • 我的图书馆
  • 登录
  • 详细信息显示
  • 放入我的书架
  • 预约/预借图书
  • 作者相关作品
  • 分类相关作品
  • 丛书相关作品
  • 出版社相关作品

书目信息

  • 表格格式
  • 工作单格式
  • 卡片格式
题名:
激光影碟机检修图集
    
 
作者: 李峰 曹强 臧旭玲 主编
分册:  
出版信息: 济南   山东科学技术出版社  1988.08
页数: 302页
开本: 21cm
丛书名:
单 册:
中图分类: TN946.5
科图分类:
主题词: 录象系统
电子资源:
ISBN: 7-5331-2155-4
000 00625nam0 2200193 450
001 0658882484
005 20061125162400.92
010    @a7-5331-2155-4@dCNY88.00
100    @a20061125d1988 km y0chiy0120 ea
101 0  @achi
102    @aCN@b370000
200 1  @a激光影碟机检修图集@Aji guang ying die ji jian xiu tu ji@f李峰 曹强 臧旭玲主编@Fli feng cao qiang zang xu ling zhu bian
210    @a济南@c山东科学技术出版社@d1988.08
215    @a302页@d21cm
606 0  @a录象系统
690    @aTN946.5@v3
701  0 @a李峰 曹强 臧旭玲@Ali feng cao qiang zang xu ling@4主编
801  0 @aCN@bPFT@c20061125
905    @a10447@dTN946.5@e172
    
    激光影碟机检修图集/李峰 曹强 臧旭玲主编.-济南:山东科学技术出版社,1988.08
    302页;21cm
    
    
    ISBN 7-5331-2155-4:CNY88.00
    
●
相关链接 在E读中查询图书 在五车中查询图书 在当当中查询图书 在豆瓣中查询图书


正题名:激光影碟机检修图集     索取号:TN946.5/172         预约/预借

序号 登录号 条形码 馆藏地/架位号 状态 备注
1 0283310   002833107   第二样本阅览室/ [索取号:TN946.5/172] 在馆    
唐山师范学院图书馆 欢迎您!
大连网信软件有限公司© 版权所有